Diegueno coiled baskets /
Saved in:
| Main Author: | |
|---|---|
| Corporate Author: | |
| Other Authors: | |
| Format: | Book |
| Language: | English |
| Published: |
San Diego :
San Diego Museum of Man,
1967.
|
| Series: | Ethnic technology notes ;
no. 1. |
| Subjects: | |
| Tags: |
Add Tag
No Tags, Be the first to tag this record!
|
| LEADER | 00967cam a2200301I 4500 | ||
|---|---|---|---|
| 001 | 004513402-2 | ||
| 005 | 20020606095253.2 | ||
| 008 | 760514s1967 caua 000 0 eng d | ||
| 035 | 0 | |a ocm02178170 | |
| 040 | |a AZS |c AZS |d TOZ | ||
| 043 | |a n-us-ca | ||
| 050 | 4 | |a E78.C15 |b E8 no.1 | |
| 050 | 4 | |a E99.D5 |b D38 1967 | |
| 100 | 1 | |a Davis, Emma Lou. | |
| 245 | 1 | 0 | |a Diegueno coiled baskets / |c by E.L. Davis and William Allan. |
| 260 | |a San Diego : |b San Diego Museum of Man, |c 1967. | ||
| 300 | |a [9] leaves : |b ill. ; |c 28cm. | ||
| 490 | 1 | |a Ethnic technology notes ; |v no. 1 | |
| 504 | |a Includes bibliographical references (leaf 5). | ||
| 650 | 0 | |a Diegueño Indians |x Basket making. | |
| 650 | 0 | |a Diegueño baskets. | |
| 650 | 0 | |a Indian baskets |z California, Southern. | |
| 650 | 0 | |a Coiled baskets |z California, Southern. | |
| 700 | 1 | |a Allan, William. | |
| 710 | 2 | |a San Diego Museum of Man. | |
| 830 | 0 | |a Ethnic technology notes ; |v no. 1. | |
| 988 | |a 20020608 | ||
| 906 | |0 OCLC | ||


